History Quiz

Random History Quiz

Petraeus Positions Quiz Stats

 Plays Quiz not verified by Sporcle

Challenge
Share
Tweet
Embed
Score 0/24 Timer 10:00
0 Plays Today
% Correct
David Petraeus
81.8%
David Petraeus
81.8%
David Petraeus
81.8%
David Petraeus
81.8%
Tommy Franks
72.7%
Tommy Franks
72.7%
Leon Panetta
72.7%
Tommy Franks
72.7%
Stanley A. McChrystal
63.6%
George J. Tenet
45.5%
Raymond T. Odierno
36.4%
John R. Allen
27.3%
% Correct
John Abizaid
27.3%
David D. McKiernan
18.2%
Michael Hayden
18.2%
James Mattis
18.2%
Dan K. McNeill
9.1%
David Barno
9.1%
Karl Eikenberry
9.1%
Ricardo Sanchez
9.1%
George W. Casey, Jr.
9.1%
Lloyd Austin
9.1%
Porter Goss
9.1%
William J. Fallon
9.1%

You're not logged in!

Compare scores with friends on all Sporcle quizzes.
Join for Free
OR
Log In

You Might Also Like...

Show Comments

Extras

Created Nov 10, 2012ReportFavoriteNominate
Tags:911, date, era, post, same, served

Top Quizzes Today


Score Distribution

Your Account Isn't Verified!

In order to create a playlist on Sporcle, you need to verify the email address you used during registration. Go to your Sporcle Settings to finish the process.

Report this User

Report this user for behavior that violates our Community Guidelines.

Details: